Makroekonomická analýza české ekonomiky (1990-1994)
Makroekonomická analýza českej ekonomiky kladie dôraz na niektoré vybrané makroekonomické súvislosti ekonomickej transformácie v r. 1990-1994. Vývoj hrubého domáceho produktu. Úroveň a vývoj produktivity práce. Vonkajšie ekonomické vzťahy ČR. Zahraničný obchod - teritoriálna štruktúra a tovarová štr...
Gespeichert in:
| 1. Verfasser: | |
|---|---|
| Format: | Buchkapitel |
| Sprache: | Tschechisch |
| Schlagworte: | |
| Tags: |
Keine Tags, Fügen Sie das erste Tag hinzu!
|
MARC
| LEADER | 00000naa a2200000 4500 | ||
|---|---|---|---|
| 001 | r016787 | ||
| 005 | 20221205102502.9 | ||
| 041 | 0 | |a cze | |
| 044 | |a CZ | ||
| 245 | 1 | 0 | |a Makroekonomická analýza české ekonomiky (1990-1994) |c M. Hájek |
| 520 | |a Makroekonomická analýza českej ekonomiky kladie dôraz na niektoré vybrané makroekonomické súvislosti ekonomickej transformácie v r. 1990-1994. Vývoj hrubého domáceho produktu. Úroveň a vývoj produktivity práce. Vonkajšie ekonomické vzťahy ČR. Zahraničný obchod - teritoriálna štruktúra a tovarová štruktúra. Kurz meny a konkurencieschopnosť. Vývoj platobnej bilancie. Investície. Miera inflácie. Miera nezamestnanosti. Výkonnosť a štruktúrne zmeny priemyslu. | ||
| 610 | 2 | 0 | |a hospodárstvo národné |
| 610 | 2 | 0 | |a Česko |
| 610 | 2 | 0 | |a analýza ekonomická |
| 610 | 2 | 0 | |a 1990-1994 |
| 610 | 2 | 0 | |a makroekonomika |
| 610 | 2 | 0 | |a transformácia |
| 610 | 2 | 0 | |a produkt domáci hrubý |
| 610 | 2 | 0 | |a produktivita práce |
| 610 | 2 | 0 | |a obchod zahraničný |
| 610 | 2 | 0 | |a dovoz |
| 610 | 2 | 0 | |a vývoz |
| 610 | 2 | 0 | |a kurz menový |
| 610 | 2 | 0 | |a konkurencieschopnosť |
| 610 | 2 | 0 | |a bilancia platobná |
| 610 | 2 | 0 | |a investície |
| 610 | 2 | 0 | |a miera inflácie |
| 610 | 2 | 0 | |a miera nezamestnanosti |
| 610 | 2 | 0 | |a priemysel |
| 610 | 2 | 0 | |a zmeny štruktúrne |
| 100 | 1 | |a Hájek, Mojmír | |